00460nam a2200157Ia 4500001001000000003000500010008004100015010001100056040000900067100002200076245006600098260004600164300001000210440003700220650004500257Para_5372CHAP220125s1933 xx 000 0 und d a203888 cCHAP aClausen, Curtis P aThe citrus insects of tropical Asia /c by Curtis P. Clausen aWashington :b Department of Agriculture a36 p. aEUA. Dep. of Agri. Circular; 266 aCítricos x Plagas Cítricos x Asia